<?xml version="1.0" encoding="UTF-8"?>
<record
    xmlns:xsi="http://www.w3.org/2001/XMLSchema-instance"
    xsi:schemaLocation="http://www.loc.gov/MARC21/slim http://www.loc.gov/standards/marcxml/schema/MARC21slim.xsd"
    xmlns="http://www.loc.gov/MARC21/slim">

  <leader>00795nam a2200241 a 4500</leader>
  <controlfield tag="001">556</controlfield>
  <controlfield tag="003">CDMR</controlfield>
  <controlfield tag="005">20131209170627.0</controlfield>
  <controlfield tag="008">130130s1986||||||||||||||||||||||||||||d</controlfield>
  <datafield tag="040" ind1=" " ind2=" ">
    <subfield code="a">CDMR</subfield>
    <subfield code="b">cat</subfield>
    <subfield code="c">CDMR</subfield>
  </datafield>
  <datafield tag="100" ind1="1" ind2=" ">
    <subfield code="a">Osgood, Charles Egerton</subfield>
    <subfield code="9">413</subfield>
  </datafield>
  <datafield tag="245" ind1="1" ind2="0">
    <subfield code="a">Conducta y comunicaci&#xF3;n</subfield>
    <subfield code="c">Charles E. Osgood ; compilaci&#xF3;n, pr&#xF3;logo y notas de Francisco Javier S&#xE1;inz S&#xE1;nchez</subfield>
  </datafield>
  <datafield tag="260" ind1=" " ind2=" ">
    <subfield code="a">Madrid</subfield>
    <subfield code="c">1986</subfield>
    <subfield code="b">Taurus</subfield>
  </datafield>
  <datafield tag="300" ind1=" " ind2=" ">
    <subfield code="a">314 p.</subfield>
  </datafield>
  <datafield tag="490" ind1="0" ind2=" ">
    <subfield code="a">Taurus Comunicaci&#xF3;n</subfield>
  </datafield>
  <datafield tag="490" ind1="0" ind2=" ">
    <subfield code="a">Noesis de Comunicaci&#xF3;n </subfield>
    <subfield code="v">2</subfield>
  </datafield>
  <datafield tag="650" ind1="0" ind2="4">
    <subfield code="9">2367</subfield>
    <subfield code="a">Comunicaci&#xF3;</subfield>
    <subfield code="x">Aspectes psicol&#xF2;gics</subfield>
  </datafield>
  <datafield tag="650" ind1="0" ind2="4">
    <subfield code="9">4483</subfield>
    <subfield code="a">Conducta (Psicologia)</subfield>
  </datafield>
  <datafield tag="650" ind1="0" ind2="4">
    <subfield code="9">4409</subfield>
    <subfield code="a">Sem&#xE0;ntica</subfield>
  </datafield>
  <datafield tag="650" ind1="0" ind2="4">
    <subfield code="9">4097</subfield>
    <subfield code="a">An&#xE0;lisi de contingut (Comunicaci&#xF3;)</subfield>
  </datafield>
  <datafield tag="700" ind1="1" ind2=" ">
    <subfield code="9">4450</subfield>
    <subfield code="a">S&#xE1;inz S&#xE1;nchez, Francisco Javier</subfield>
    <subfield code="e">comp.</subfield>
  </datafield>
  <datafield tag="942" ind1=" " ind2=" ">
    <subfield code="c">MON</subfield>
    <subfield code="2">udc</subfield>
  </datafield>
  <datafield tag="999" ind1=" " ind2=" ">
    <subfield code="c">556</subfield>
    <subfield code="d">556</subfield>
  </datafield>
  <datafield tag="952" ind1=" " ind2=" ">
    <subfield code="0">0</subfield>
    <subfield code="1">0</subfield>
    <subfield code="4">0</subfield>
    <subfield code="7">0</subfield>
    <subfield code="a">CDMR</subfield>
    <subfield code="b">CDMR</subfield>
    <subfield code="d">2013-01-16</subfield>
    <subfield code="l">0</subfield>
    <subfield code="o">Cc 4/16</subfield>
    <subfield code="p">CDMR1312613362</subfield>
    <subfield code="r">2013-01-16</subfield>
    <subfield code="w">2013-01-16</subfield>
    <subfield code="y">MON</subfield>
  </datafield>
</record>
